000 00622nam a2200217 a 4500
005 20240605063907.0
008 030404s2000 mx r 000 0 spa d
020 _a9706413103
035 _aUPN01000123609
049 _aCG
050 4 _aLB1032
_bZ3.8
100 1 _aZarzar Charur, Carlos Alejandro
_929520
245 1 3 _aLa didáctica grupal /
_cCarlos Zarzar Charur.
260 _aMéxico :
_bProgreso,
_c2000.
300 _a256 p.
_bil.
650 4 _aDinámica de grupos
_96712
650 4 _aTrabajo en grupos (Educación)
_94098
650 4 _aEnseñanza
_xMetodología
_97684
905 _aLibro
999 _c95788
_d95788